Kagzi hay parhan (Record no. 567229)

000 -LEADER
fixed length control field 00397nam a22001577a 4500
003 - CONTROL NUMBER IDENTIFIER
control field CEME
005 - DATE AND TIME OF LATEST TRANSACTION
control field 20210628201815.0
008 - FIXED-LENGTH DATA ELEMENTS--GENERAL INFORMATION
fixed length control field 210106b xxu||||| |||| 00| 0 eng d
040 ## - CATALOGING SOURCE
Transcribing agency .
082 ## - DEWEY DECIMAL CLASSIFICATION NUMBER
Classification number 891.4391 SHO
100 ## - MAIN ENTRY--PERSONAL NAME
Personal name Prof Dr Shoaib Ahmed Khan, Prof Dr Shaob Ahmed Khan
9 (RLIN) 56907
245 ## - TITLE STATEMENT
Title Kagzi hay parhan
260 ## - PUBLICATION, DISTRIBUTION, ETC.
Place of publication, distribution, etc. LAHORE
Name of publisher, distributor, etc. ILMO IRFAN
Date of publication, distribution, etc. 2014
300 ## - PHYSICAL DESCRIPTION
Extent 288P
942 ## - ADDED ENTRY ELEMENTS (KOHA)
Koha item type Book
Source of classification or shelving scheme
Holdings
Withdrawn status Lost status Source of classification or shelving scheme Damaged status Not for loan Permanent Location Current Location Shelving location Date acquired Shelving control number Full call number Barcode Date last seen Price effective from Koha item type Public note
          College of Electrical & Mechanical Engineering (CEME) College of Electrical & Mechanical Engineering (CEME) Fiction 03/13/2017 Urdu Literature 891.4391 SHO CEME-47400 06/28/2021 06/28/2021 Book 1.0
          College of Electrical & Mechanical Engineering (CEME) College of Electrical & Mechanical Engineering (CEME) Fiction 03/13/2017 Urdu Literature 891.4391 SHO CEME-47401 06/28/2021 06/28/2021 Book 1.0
© 2023 Central Library, National University of Sciences and Technology. All Rights Reserved.